British Literature # 3 - Statistics

General Stats
  • This quiz has been taken 119 times
  • The average score is 10 of 15
Answer Stats
Question Answer % Correct
Which author created the characters Miss Marple and Hercule Poirot? Agatha Christie
90%
What kind of creatures are Bilbo Baggins and Samwise Gamgee? Hobbits
88%
Uther Pendragon was the father of which mythical English king? King {Arthur}
88%
Which British poet and playwright was married to Anne Hathaway? William Shakespeare
88%
Ron Weasley and Hermione Grainger are students of which school? Hogwarts School of Witchcraft and Wizardrt
87%
Which Prime Minister won the Nobel Prize for Literature in 1953? Sir Winston Churchill
87%
The writers George Orwell, Rudyard Kipling and Salman Rushdie were all born in which country? India
83%
Which fictional bear was created in the 1950s by Michael Bond? Paddington Bear
83%
P. G. Wodehouse’s books, what is the name of Bertie Wooster’s valet? Jeeves
71%
Which 20th century poet has the first names Wystan Hugh? W. H. Auden
57%
Who wrote A Dictionary of the English Language, published in 1755? Dr. Samuel Johnson
52%
Which novel was the first to feature the hero Richard Hannay? The Thirty-Nine Steps
41%
Whose plays include The Lady in the Van and The History Boys? Alan Bennett
39%
“The sweat wis lashing oafay Sick Boy…” is the start of which novel? Trainspotting
37%
Who wrote the Swallows and Amazons series of children’s books? Arthur Ransome
34%
No matching quizzes found
Score Distribution
Percent of People with Each Score
Percentile by Number Answered
Your Score History
You have not taken this quiz